NBA Finals Runners Up - Statistics

General Stats
  • This quiz has been taken 113 times
    72 since last reset
  • The average score is 36 of 78
Answer Stats
Hint Answer % Correct
2024 Mavericks
98%
2022 Celtics
94%
2023 Heat
94%
2018 Cavaliers
88%
2017 Cavaliers
88%
2015 Cavaliers
88%
2020 Heat
88%
2019 Warriors
88%
2016 Warriors
88%
2014 Heat
87%
2011 Heat
85%
2010 Celtics
83%
2021 Suns
83%
2013 Spurs
81%
2008 Lakers
79%
2012 Thunder
75%
2004 Lakers
73%
1998 Jazz
71%
1997 Jazz
71%
2009 Magic
71%
2007 Cavaliers
69%
2006 Mavericks
69%
2001 76ers
67%
2003 Nets
63%
2002 Nets
63%
2005 Pistons
63%
1991 Lakers
60%
1993 Suns
60%
1995 Magic
58%
1994 Knicks
56%
2000 Pacers
56%
1999 Knicks
54%
1989 Lakers
54%
1996 Supersonics
52%
1992 Trailblazers
50%
1983 Lakers
48%
1984 Lakers
46%
1987 Celtics
42%
1985 Celtics
40%
1988 Pistons
40%
1982 76ers
38%
1980 76ers
35%
1986 Rockets
33%
1981 Rockets
33%
1990 Trailblazers
33%
1979 Bullets
25%
1973 Lakers
25%
1970 Lakers
25%
1969 Lakers
25%
1966 Lakers
25%
1965 Lakers
25%
1963 Lakers
25%
1962 Lakers
25%
1959 Lakers
25%
1978 Supersonics
25%
1972 Knicks
23%
1968 Lakers
23%
1977 76ers
21%
1958 Celtics
21%
1957 Hawks
21%
1961 Hawks
19%
1960 Hawks
17%
1956 Pistons
17%
1955 Pistons
17%
1976 Suns
17%
1967 Warriors
17%
1975 Bullets
15%
1971 Bullets
15%
1953 Knicks
15%
1964 Warriors
15%
1952 Knicks
13%
1951 Knicks
13%
1974 Bucks
12%
1954 Nationals
12%
1950 Nationals
12%
1947 Stags
12%
1948 Warriors
12%
1949 Capitols
6%
No matching quizzes found
Score Distribution
Percent of People with Each Score
Percentile by Number Answered
Your Score History
You have not taken this quiz since the last reset